Miasta w województwie warmińsko-mazurskim - Statystyki

Ogólne statystyki
  • Ten quiz został rozwiązany 250 razy
    38 od ostatniego zresetowania
  • Średni wynik to 36 z 50
Statystyki odpowiedzi
Miasto Liczba mieszkańców % Poprawnych
Elbląg 111 580
100%
Olsztyn 165 855
100%
Iława 31 909
95%
Mrągowo 20 158
95%
Ełk 59 127
90%
Bartoszyce 20 919
85%
Braniewo 15 725
85%
Giżycko 26 639
85%
Gołdap 13 018
85%
Kętrzyn 24 626
85%
Lidzbark 7069
85%
Ostróda 30 864
85%
Pisz 17 260
85%
Działdowo 19 859
80%
Mikołajki 3233
80%
Olecko 15 517
80%
Olsztynek 7149
80%
Szczytno 21 423
80%
Węgorzewo 10 431
80%
Biskupiec 9793
75%
Frombork 1957
75%
Lubawa 10 644
75%
Morąg 12 442
75%
Nidzica 12 334
75%
Barczewo 7310
70%
Dobre Miasto 9171
70%
Orneta 7835
70%
Orzysz 5185
70%
Tolkmicko 2362
70%
Jeziorany 2887
65%
Lidzbark Warmiński 14 205
65%
Nowe Miasto Lubawskie 9950
65%
Pasłęk 11 540
65%
Ruciane-Nida 3984
65%
Zalewo 1977
65%
Biała Piska 3624
60%
Kisielice 1975
60%
Korsze 3848
60%
Pasym 2370
60%
Susz 5163
60%
Młynary 1634
55%
Pieniężno 2333
55%
Reszel 3925
55%
Ryn 2611
55%
Sępopol 1858
55%
Wielbark 2952
55%
Bisztynek 2103
50%
Górowo Iławeckie 3532
50%
Miłakowo 2377
50%
Miłomłyn 2421
45%
Nie znaleziono quizów pasujących do podanych kryteriów
Rozkład punktacji
Procent ludzi z każdym wynikiem
Percentyl według liczby udzielonych odpowiedzi
Twoja historia wyników
Nie rozwiązałeś tego quizu od ostatniego zresetowania